Integrální počet 1

Saved in:
Bibliographic Details
Main Author: Jarník, Vojtěch
Format: Book
Language:Czech
Published: Praha Academia 1984
Edition:6. nezměn. vyd.
Tags: Add Tag
No Tags, Be the first to tag this record!

MARC

LEADER 00000nam a2200000 4500
001 c115367
005 20041019155201.2
041 0 |a cze 
044 |a CZ 
245 1 0 |a Integrální počet 1  |c Vojtěch Jarník 
250 |a 6. nezměn. vyd. 
264 1 |a Praha  |b Academia  |c 1984 
300 |a 243 s. 
100 1 |a Jarník, Vojtěch